Positive Psychology/ (Record no. 185975)

MARC details
000 -LEADER
fixed length control field 00577nam a22001817a 4500
005 - DATE AND TIME OF LATEST TRANSACTION
control field 20220211120920.0
010 ## - LCCN (DPL NO)
LC control number ENG-131532
020 ## - INTERNATIONAL STANDARD BOOK NUMBER
International Standard Book Number 9789386806413
Terms of availability 999.00
035 ## - SYSTEM CONTROL NUMBER
System control number EN-115064
037 ## - SOURCE OF ACQUISITION
Source of stock number/acquisition DBAD
082 ## - DEWEY DECIMAL CLASSIFICATION NUMBER
Classification number 150.1988
100 ## - MAIN ENTRY--PERSONAL NAME
Personal name Basal, Manisha
245 ## - TITLE STATEMENT
Title Positive Psychology/
Statement of responsibility, etc Manisha Basal
260 ## - PUBLICATION, DISTRIBUTION, ETC. (IMPRINT)
Place of publication, distribution, etc New Delhi
Name of publisher, distributor, etc Ishwar Books
Date of publication, distribution, etc 2019
270 ## - ADDRESS
Address B-29, Arya Nagar CGHS Ltd. Plot No. 91, I.P. Extension, Patparganj
City New Delhi
Postal code 110092
Electronic mail address ishwarbooks@gmail.com
300 ## - PHYSICAL DESCRIPTION
Extent 328p.
Other physical details Index
Dimensions 24cm(hbk)
942 ## - ADDED ENTRY ELEMENTS (KOHA)
Source of classification or shelving scheme Dewey Decimal Classification
Item type English Books
Classification part 150.1988
Call number suffix BAS
Holdings
Withdrawn status Lost status Not for loan Collection code Home library Current library Date acquired Source of acquisition Cost, normal purchase price Full call number Barcode Copy number Cost, replacement price Koha item type
      Non-fiction Bawana Bawana 11/02/2022 DBAD/PUB 999.00 150.1988 BAS EN-115064 1 999.00 English Books

© Delhi Public Library
Hit Counter
free hit counter